| 000 | 00655nam a2200241 a 4500 | ||
|---|---|---|---|
| 999 |
_c2634 _d2634 |
||
| 007 | ta | ||
| 008 | 230207r20222015ii ad||gd|||||||1 ||und|| | ||
| 020 |
_a9789386650696 _cRs. 775.00 |
||
| 040 |
_aKO _beng |
||
| 041 | 0 | _aeng | |
| 044 | _aii | ||
| 082 | 0 | 4 |
_a658.4092 _bD131 _223 |
| 100 | 1 | _aDaft, Richard L. | |
| 245 | 1 | 0 |
_aThe Leadership Experience / _cRichard L. Daft |
| 250 | _a6th ed. | ||
| 260 |
_aDelhi : _bCengage Learning India Private Limited , _c2015, reprinted 2022 |
||
| 300 |
_axviii, 507 p. _b : ill. _c; 26 cm. |
||
| 650 | 0 |
_aManagement _vTextbooks |
|
| 650 | 0 |
_aLeadership _vTextbooks |
|
| 904 | _aA_BOSE | ||
| 942 | _cBK | ||